|
|
|
|
| LEADER |
00000nta a2200000 i 4500 |
| 001 |
dolg4570 |
| 005 |
20151213090440.0 |
| 008 |
151213suuuu hu o 000 hun d |
| 040 |
|
|
|a BGE Dolgozattár Repozitórium
|b hun
|
| 041 |
|
|
|a hu
|
| 100 |
1 |
|
|a Skrabák Dániel
|
| 245 |
1 |
0 |
|a Beszámoló a sporolj.eu-nál végzett munkámról
|c Skrabák Dániel
|h [elektronikus dokumentum]
|
| 246 |
1 |
1 |
|a Beszámoló a sporolj.eu-nál végzett munkámról
|
| 516 |
|
|
|a Final_paper
|
| 695 |
|
|
|a sporoljgroup
|
| 695 |
|
|
|a gyakorlat
|
| 700 |
1 |
|
|a Szabó Dániel
|e ths
|
| 856 |
4 |
0 |
|u http://dolgozattar.uni-bge.hu/4570/1/Z%C3%A1r%C3%B3dolgozat%20-%20Skrab%C3%A1k%20D%C3%A1niel.docx
|z Dokumentum-elérés
|